000 00590nam a2200229 i 4500
001 C2-0168380
003 PPAK
005 20180728090826.0
008 980716s1996 si a|||| ||||| | eng d
020 _a491583171X
040 _aPPAK
_beng
_cPPAK
_erda
082 0 4 _a823
_2 23
090 0 0 _a823
_bWEB
_dK
100 1 _aWebster, Jean,
_eauthor
245 1 0 _aDaddy-long-legs
264 1 _aSingapore :
_c1996
300 _a25 pages :
_bcolour illustrations ;
_c17 cm
336 _2rdacontent
_atext
337 _2rdamedia
_aunmediated
338 _2rdacarrier
_avolume
942 _ddc
_cB
999 _c152534
_d152534